00350nam a2200109Ia 4500008004100000245012100041260003500162260000900197300001000206500000800216650001600224170224s9999 xx 000 0 und d aSpatial working memory in children with high-functioning autism: Intact configural processing but impaired capacity. bJournal of Abnormal Psychology c2014 a123:2 aMay xPsychology.